[Event "Oberliga Ost B"]
[Site "?"]
[Date "2022.04.03"]
[Round "11.8"]
[White "Wrede, Michael"]
[Black "Nichols, Marc"]
[Result "1-0"]
[WhiteElo "2140"]
[BlackElo "2110"]
[PlyCount "45"]
[EventDate "2021.10.10"]
[EventType "team-tourn"]
[EventCountry "GER"]
[WhiteTeam "Moerlenbach Birkenau Freibauer"]
[BlackTeam "Oberursel SV"]
[WhiteTeamCountry "GER"]
[BlackTeamCountry "GER"]

1. d4 d5 2. Bg5 c5 3. c3 g6 4. e3 Bg7 5. Nd2 Nc6 6. f4 Nh6 7. Bxh6 Bxh6 8. Bd3
e5 9. dxe5 d4 10. Ne4 dxe3 11. Nd6+ Kf8 12. Qf3 Be6 13. Ne2 c4 14. Be4 Qb6 15.
O-O Rd8 16. Bxc6 bxc6 17. Nd4 Bd5 18. Qxe3 Qxb2 19. Qh3 Bxf4 20. Rxf4 Qxa1+ 21.
Rf1 Qb2 22. Ne6+ Bxe6 23. Qxe6 1-0